Manatee mortality in Florida during 1978 (Registro nro. 9690)

Detalles MARC
000 -CABECERA
Campo de control 006690000a22001930004500
090 ## - CLASIFICACIÓN LOCAL
Colección AR
Consecutivo 00598
041 0# - IDIOMA
Código de idioma para texto/pista de sonido o título separado
100 1# - ASIENTO PRINCIPAL--NOMBRE PERSONAL
Nombre personal Beck, Cathy A.
245 10 - MENCION DE TITULO
Título Manatee mortality in Florida during 1978
650 14 - ASIENTO SECUNDARIO DE MATERIA - TERMINO TEMATICO
Término temático o nombre geográfico como elemento de entrada Mamíferos acuáticos
650 14 - ASIENTO SECUNDARIO DE MATERIA - TERMINO TEMATICO
Término temático o nombre geográfico como elemento de entrada Causas de mortalidad
650 14 - ASIENTO SECUNDARIO DE MATERIA - TERMINO TEMATICO
Término temático o nombre geográfico como elemento de entrada Necrología
651 #4 - ASIENTO SECUNDARIO DE MATERIA - NOMBRE GEOGRAFICO
-- Florida
-- Estados Unidos
653 ## - TERMINO DE INDIZACION - NO CONTROLADO
-- Trichechus
-- Trichechus manatus
-- manatí
700 1# - ASIENTO SECUNDARIO - NOMBRE PERSONAL
Nombre personal Bonde, Robert K.
700 1# - ASIENTO SECUNDARIO - NOMBRE PERSONAL
Nombre personal Odell, Daniel K.
773 1# - Item fuente:
Título West Indian Manatee in Florida: proceedings of a workshop held in Orlando / Ed. R. L. Brownell K. Ralls
Especificación de materiales 230
Paginas del Articulo 76-85
Lugar, editorial y fecha de publicación 1978
942 ## - ELEMENTOS ADICIONALES (KOHA)
Tipo de ítem Artículo
Existencias
Withdrawn status Lost status Damaged status No para préstamo Colección Ubicación Permanente Ubicación actual Fecha de adquisición Fuente de Valor Datos de publicación Seriada Total Checkouts Número topográfico Inventario / Código de Barras Date last seen Ejemplar Price effective from Forma de adquisición Tipo de material
      No para Préstamo Hemeroteca Bogotá Bogotá 27/02/2015 Instituto de Ciencias Naturales Fuera de circulación   AR 00598 010913 25/03/2015 1 25/03/2015   Artículo